000 00616nam a2200229 a 4500
001 000026522
003 DO-SdBNP
005 20221025103318.0
007 ta
008 110322s dr a 000 0 spa d
040 _aDO-SdBNP
_bspa
_cBNPHU
082 _222
_a515
_b P438c
100 1 _aPérez, Kreemly
_953605
245 1 0 _aCálculo /
_cKreemly Pérez
260 _aSanto Domingo :
_bInstituto Tecnológico de Santo Domingo,,
_c[1990].
300 _av. ;
_c29 cm.
505 _aLa biblioteca posee el volumen I
590 _aInventariado, 2022 / DG
700 _953606
910 _aDG
942 _2ddc
_cLBS1
999 _c52630
_d52630